| 000 | 00342nam a2200145Ia 4500 | ||
|---|---|---|---|
| 008 | 230917s9999||||xx |||||||||||||| ||und|| | ||
| 040 |
_e154245 _aMAIN |
||
| 041 | _aEnglish | ||
| 082 | _a294.6 C371C | ||
| 100 | _aCharandas | ||
| 245 | 0 | _aCharandas ji ki bani VI | |
| 260 |
_aAllahabad _bbelvidier _c1978 |
||
| 300 | _a80p p. | ||
| 942 | _cBK | ||
| 999 |
_c228009 _d228009 |
||